Sobre el juicio de la historia.
I tiakina i:
| Kaituhi matua: | |
|---|---|
| Hōputu: | Tē mōhiotia |
| Reo: | Ingarihi |
| I whakaputaina: |
Madrid, España:
Alianza,
2022.
|
| Rangatū: | Ciencias Sociales, CS
|
| Ngā marau: | |
| Ngā Tūtohu: |
Tāpirihia he Tūtohu
Kāore He Tūtohu, Me noho koe te mea tuatahi ki te tūtohu i tēnei pūkete!
|
MARC
| LEADER | 00000 a2200000 4500 | ||
|---|---|---|---|
| 003 | CL-VaPUC | ||
| 005 | 20241121170128.0 | ||
| 008 | 240103t2022 ||||| |||| 00| 0 eng d | ||
| 999 | |c 441987 |d 441985 | ||
| 020 | |a 978-84-1362-617-8 | ||
| 040 | |c Pontificia Universidad Católica de Valparaíso | ||
| 082 | |2 22 |a 303.37209 SCO 2022 | ||
| 100 | |a Scott, Joan Wallach |9 861053 |e autora | ||
| 245 | |a Sobre el juicio de la historia. | ||
| 260 | |a Madrid, España: |b Alianza, |c 2022. | ||
| 300 | |a 189 páginas. | ||
| 490 | |a Ciencias Sociales, CS |n 115. | ||
| 583 | |k GC |c 20240103 | ||
| 650 | 0 | |9 886882 |a Injusticias históricas |x Reparaciones |z Alemania, África y Estados Unidos | |
| 650 | 0 | |9 314874 |a Justicia social |x Esclavitud, racismo, fascismo, etc. |x Aspectos históricos y religiosos | |
| 942 | |2 ddc |c BK | ||
| 952 | |0 0 |1 0 |2 ddc |4 0 |6 303_372090000000000_SCO_2022 |7 0 |8 A |9 593064 |a BIBHIS |b BIBHIS |c GEN |d 2024-01-02 |e 1 |g 22553.00 |i 5659956 |o 303.37209 SCO 2022 |p 5659956 |r 2024-01-02 |t 1 |v 22553.00 |w 2024-01-02 |y BK |k HIS | ||
| 952 | |0 0 |1 0 |2 ddc |4 0 |6 303_372090000000000_SCO_2022 |7 0 |8 A |9 598209 |a BIBHIS |b BIBHIS |c GEN |d 2024-11-21 |e 13 |g 15300.00 |i 5663389 |o 303.37209 SCO 2022 |p 5663389 |r 2025-01-20 |t 2 |v 15300.00 |w 2024-11-21 |y BK |k HIS | ||
| 952 | |0 0 |1 0 |2 ddc |4 0 |6 303_372090000000000_SCO_2022 |7 0 |8 A |9 598210 |a BIBHIS |b BIBHIS |c GEN |d 2024-11-21 |e 13 |g 15300.00 |i 5663390 |o 303.37209 SCO 2022 |p 5663390 |r 2025-01-20 |t 3 |v 15300.00 |w 2024-11-21 |y BK |k HIS | ||